| 000 | 01086nam a22003137a 4500 | ||
|---|---|---|---|
| 003 | CHAP | ||
| 005 | 20220329135443.0 | ||
| 008 | 971013s1969 r 00010 d | ||
| 010 | _a36751 | ||
| 011 | _a37723 | ||
| 035 | _a41843 | ||
| 040 | _cCHAP | ||
| 090 | _aTesis | ||
| 100 | 0 | 0 |
_aOrtega Taracena, Escolástico Arturo. _983888 |
| 245 | _aCorrelación entre algunas propiedades físicas del café en ooro y tostado de la zona sur occidental de Guatemala y su calidad comercial | ||
| 260 |
_aGuatemala : _bEl autor, _c1969 |
||
| 300 |
_a48 p. _b: ilus. |
||
| 502 | _aTesis (Ing. Agr.) -- Universidad de San Carlos de Guatemala. Facultad de Agronomía | ||
| 590 |
_aALEPH _b10 _c20130110 _lUCH01 _h1302 |
||
| 590 |
_aBATCH-UPD _b10 _c20130110 _lUCH01 _h0919 |
||
| 590 |
_aBATCH-UPD _b10 _c20130410 _lUCH01 _h0542 |
||
| 590 |
_aBATCH-UPD _b10 _c20130914 _lUCH01 _h0810 |
||
| 590 |
_aCONVERSION _b10 _c20130109 _lUCH01 _h1321 |
||
| 650 | 1 | 4 |
_aCafé _xGuatemala. _917149 |
| 650 | 1 | 4 |
_aCafé _xProcesado. _917188 |
| 901 | _aBK | ||
| 942 | _cTESIS | ||
| 949 |
_bBC _cTES _d-96239 _eTS1 _i41843 _si |
||
| 999 |
_c36751 _d36751 |
||